000 01230nam2a22002531 4500
001 RU\NLR\INFOCOMM33\1000000187
005 20250617143429.0
035 _a(NLR Aleph) 002711891
090 _a4415000
_c4415000
100 _a20040219d1959 |||y0rusy50 ca
101 0 _arus
102 _aRU
105 _ay |||||||||
200 1 _aОб исследовании регенерации паросиловых установок
_fА.М. Подсушный
210 _d1959
_aБ. м.
461 0 _1001RU\NLR\INFOCOMM33\1000000099
_12001#$aТруды Дальневосточного государственного технического университета$fДВГТУ$vТ.52, Вып.8
_91804290
_aДальневосточный технический университет (Владивосток)
_cВладивосток
_d1930-
_fДВГТУ
_nИзд-во ДВГТУ
_tТруды Дальневосточного государственного технического университета
_vТ.52, Вып.8
700 1 _aПодсушный
_bА.М.
_4070
801 1 _aRU
_bInfoComm
_c20040219
801 0 _aRU
_bNLR
_gPSBO
852 _aNLR
_jП10/651
942 _cISSUE
980 _aNB
980 _aRUSPER